|
|
|
|
| LEADER |
00992nam a2200253 a 4500 |
| 001 |
12864716 |
| 008 |
110512r20102003enk b 001 0 eng d |
| 010 |
|
|
|a 2002070167
|
| 020 |
|
|
|a 9780199284238
|
| 020 |
|
|
|a 0198241054 (alk. paper)
|
| 040 |
|
|
|a DLC
|c DLC
|d DLC
|d BD-DhAAL
|
| 082 |
0 |
0 |
|a 170
|2 21
|
| 245 |
0 |
4 |
|a The Oxford handbook of practical ethics /
|c edited by Hugh LaFollette.
|
| 246 |
3 |
0 |
|a Practical ethics
|
| 260 |
|
|
|a Oxford ;
|a New York :
|b Oxford University Press,
|c 2003 [Reprinted 2010]
|
| 300 |
|
|
|a xvii, 772 p. ;
|c 25 cm.
|
| 504 |
|
|
|a Includes bibliographical references and index.
|
| 541 |
|
|
|e 00022505
|
| 650 |
|
0 |
|a Applied ethics.
|
| 650 |
|
0 |
|a Ethics.
|
| 700 |
1 |
|
|a LaFollette, Hugh,
|d 1948-
|
| 852 |
4 |
|
|a Ayesha Abed Library
|j General shelf
|
| 999 |
|
|
|c 10842
|d 10842
|
| 952 |
|
|
|0 0
|1 0
|2 ddc
|4 0
|6 170_000000000000000_OXF
|7 0
|9 16481
|a BRACUL
|b SCL
|c GEN
|d 2011-05-16
|e Development Book Agency
|g 4021.00
|l 3
|m 10
|o 170 OXF
|p 3010022505
|r 2025-08-31
|s 2025-08-20
|t 1
|w 2011-05-16
|y BK
|x Koha Inventory 2020
|